000 00429nam a2200193Ia 4500
005 20240823022954.0
008 240823s9999||||xx |||||||||||||| ||und||
020 _a81-7223-360-4
041 _aENGLISH
082 _A823 P3
100 _aKiran Nagarkar
245 0 _aCuckold
250 _a1st
260 _c2003
_b"HarperCollins,L"
_aLondon
500 _aYES
650 _aNovel
_bEnglish
942 _cBK
999 _c180438
_d180438